000 00739nam a2200217Ia 4500
005 20241129105925.0
008 241129s9999||||xx |||||||||||||| ||und||
020 _a978-81-267-1497-1
037 _aTB
040 _aARTS
_bhin
_cARTS
041 _ahin
_2hin
084 _aO152,1I00:g Q1;R2
_qARTS
100 _aद्विवेदी, हजारीप्रसाद, ले.
245 0 _aकबीर
_cद्विवेदी, हजारीप्रसाद, ले.
260 _aनई दिल्ली, भारत
_bनयी राजकमल
_c2022
300 _a279पृ0
365 _aINR
_b600
650 _aHindi Poetry
_97134
942 _cTB
_hO152,1I00:g Q1;R2
999 _c1226606
_d1226606